| 000 | 03432nam a22005775i 4500 | ||
|---|---|---|---|
| 001 | 978-3-319-47711-4 | ||
| 003 | DE-He213 | ||
| 005 | 20210118130419.0 | ||
| 007 | cr nn 008mamaa | ||
| 008 | 161104s2017 gw | s |||| 0|eng d | ||
| 020 |
_a9783319477114 _9978-3-319-47711-4 |
||
| 024 | 7 |
_a10.1007/978-3-319-47711-4 _2doi |
|
| 050 | 4 | _aR856-857 | |
| 050 | 4 | _aHC79.E5 | |
| 050 | 4 | _aGE220 | |
| 072 | 7 |
_aMQW _2bicssc |
|
| 072 | 7 |
_aTEC059000 _2bisacsh |
|
| 072 | 7 |
_aMQW _2thema |
|
| 082 | 0 | 4 |
_a610.28 _223 |
| 100 | 1 |
_aEngel, Jürgen. _eauthor. _4aut _4http://id.loc.gov/vocabulary/relators/aut |
|
| 245 | 1 | 2 |
_aA Critical Survey of Biomineralization _h[electronic resource] : _bControl, Mechanisms, Functions and Material Properties / _cby Jürgen Engel. |
| 250 | _a1st ed. 2017. | ||
| 264 | 1 |
_aCham : _bSpringer International Publishing : _bImprint: Springer, _c2017. |
|
| 300 |
_aVIII, 64 p. 27 illus., 17 illus. in color. _bonline resource. |
||
| 336 |
_atext _btxt _2rdacontent |
||
| 337 |
_acomputer _bc _2rdamedia |
||
| 338 |
_aonline resource _bcr _2rdacarrier |
||
| 347 |
_atext file _bPDF _2rda |
||
| 490 | 1 |
_aSpringerBriefs in Applied Sciences and Technology, _x2191-530X |
|
| 505 | 0 | _aIntroduction -- Chemistry and minerals -- Biominerals and their functions in different organisms -- Different types of molecular control in biomineralization -- Enamel: the hardest known biomineral -- Formation of mollusk shells -- The glass house of diatoms -- In vitro studies of mineral-protein interactions -- What can we learn from biology for materials science?- Biomineralization for future research -- Outlook. | |
| 520 | _aThis monograph provides a comprehensive and up-to-date approach on biomineralization. The topical focus of the book lies on the question of how matrix proteins and cells catalyze and regulate mineralization in organisms. Recent advances in the understanding of biomineralization help to better understand biomaterials, in particular their mechanical properties. The target audience primarily comprises practitioners and research experts in the field, but the book may also be beneficial for graduate students. | ||
| 650 | 0 | _aBiomedical engineering. | |
| 650 | 0 | _aBiomaterials. | |
| 650 | 1 | 4 |
_aBiomedical Engineering and Bioengineering. _0http://scigraph.springernature.com/things/product-market-codes/T2700X |
| 650 | 2 | 4 |
_aBiomaterials. _0http://scigraph.springernature.com/things/product-market-codes/Z13000 |
| 710 | 2 | _aSpringerLink (Online service) | |
| 773 | 0 | _tSpringer eBooks | |
| 776 | 0 | 8 |
_iPrinted edition: _z9783319477107 |
| 776 | 0 | 8 |
_iPrinted edition: _z9783319477121 |
| 830 | 0 |
_aSpringerBriefs in Applied Sciences and Technology, _x2191-530X |
|
| 856 | 4 | 0 | _uhttps://doi.org/10.1007/978-3-319-47711-4 |
| 912 | _aZDB-2-ENG | ||
| 999 |
_c447388 _d447388 |
||
| 942 | _cEB | ||
| 506 | _aAvailable to subscribing member institutions only. Доступно лише організаціям членам підписки. | ||
| 506 | _fOnline access from local network of NaUOA. | ||
| 506 | _fOnline access with authorization at https://link.springer.com/ | ||
| 506 | _fОнлайн-доступ з локальної мережі НаУОА. | ||
| 506 | _fОнлайн доступ з авторизацією на https://link.springer.com/ | ||